1022 1965 1199 1701 1147 1783 1783 1836 1513 1157 1333 1687 1984 1412 1264 1308 1468 1944 1835 1708 1510 1216 1038 1706 1381 1463 1375 1465 1106 1440 1835 1658 1019 1970 1245 1838 1169 1048 1106 1759 1616 1202 1372 1350 1544 1850 1538 1681 1109 1413 1329 1109 1304 1706 1912 1897 1687 1520 1766 1538 1661 1687 1896 1757 1019 1358 1420 1847 1626 1133 1017 1066 1129 1765 1457 1203 1690 1316 1259 1590 1243 1627 1416 1386 1026 1581 1550 1750 1233 1574 1817 1807 1668 1092 1197 1206 1631 1103 1307 BCNSPRNW ULIB Ver.6.0+V

เปลี่ยนเป็นภาษาไทย

Change to English
 แสดงรายละเอียดบรรณานุกรม
  กลับหน้าหลัก

Brief Record : Get Marc (ISO 2709) : E-mail record : QR code < ปิดหน้าต่าง
LEADER : 00000nam 2200000uu 4500
001    13399110291
003     ULIB
008    110427s2552||||th 000 0 tha d
020    9786161100704
060  4 WM172^bพ186ก 2552
100 0  พจนา ปิยะกรณ์ชัย
245 10 การตอบสนองของบุคคลต่อภาวะเครียด =^bHuman response to stress/^cพจนา ปิยะกรณ์ชัย
246 31 Human response to stress
260    นนทบุรี :^bโครงการสวัสดิการวิชาการ สถาบันพระบรมราชชนก,^c2552
300    40 หน้า ;^c21 ซม.
650  4 ความเครียด
650  4 สุขภาพจิต
710 2  สถาบันพระบรมราชชนก. ^bโครงการสวัสดิการวิชาการ
945    ^p100^l0^i027036
945    ^p100^l0^i027035
945    ^p100^l0^i027034
995    ทศพร
999 ^a ใช้งานได้ทุกระบบ
รายการนี้ยังไม่มีแท็ก
คุณยังไม่ได้ล็อกอิน คุณสามารถมีกิจกรรมร่วมกับเว็บไซต์ได้ แต่ต้องล็อกอินก่อน ::
  ล็อกอิน

รายการสื่อสารสนเทศ

ลำดับที่ ประเภท เลขเรียก/บาร์โค้ด สถานที่ สถานะ
- ไม่พบข้อมูล -

รายการใกล้เคียง
    ผู้แต่ง [พจนา ปิยะกรณ์ชัย]

    หัวเรื่อง [ความเครียด]
    หัวเรื่อง [สุขภาพจิต]

BibComment


ยังไม่เคยถูกคอมเมนท์

คอมเมนท์ทรัพยากรรายการนี้
  คอมเมนท์: การตอบสนองของบุคค..


 Copyright 2026. Bcnsprnw @Library